Las Haciendas locales /
Colección:
San Jorge,
; núm. 5 (gener 1952), pàg. 33-40
Materias:
Finances locals -- Espanya
Idioma:
Español
MARC
| LEADER | 00000naa a2200000 a 4500 | ||
|---|---|---|---|
| 003 | Arxiu | ||
| 005 | 20260324181033.0 | ||
| 008 | 160829s1952 spc xx s spa c | ||
| 040 | |a agdb | ||
| 110 | 1 | |9 54218 |a Barcelona (Catalunya : Província). |b President (1949-1967 : Buxó de Abaigar) | |
| 245 | 1 | 4 | |a Las Haciendas locales / |c por Joaquín Buxó de Abaigar, marqués de Castell-Florite |
| 490 | |a San Jorge, |v núm. 5 (gener 1952), pàg. 33-40 | ||
| 590 | |a Inclou el text íntegre del discurs amb motiu de l'apertura del curs a l'Acadèmia de Ciències Econòmico-financeres. | ||
| 650 | 0 | |a Finances locals |9 24153 |2 Arxiu |x Espanya | |
| 773 | |t San Jorge. |g Núm. 5 (gener 1952), pàg. 33-40 | ||
| 901 | |a Arxiu | ||
| 942 | |n 1 |2 udc |c ART | ||
| 952 | |0 0 |1 0 |4 0 |6 REV508 |7 1 |9 64606 |a Arxiu |b Arxiu |d 2022-12-02 |l 0 |o Rev-508 |r 2022-12-02 00:00:00 |w 2022-12-02 |y ARXIU |z També disponible a Rev-521 | ||
| 999 | |c 48101 |d 48101 | ||